All Abrahamic Religions - Statistics

General Stats
  • This quiz has been taken 92 times
  • The average score is 5 of 9
Answer Stats
Hint Answer % Correct
Second largest Abrahamic religion in terms of adherents Islam
99%
Largest Abrahamic religion in terms of adherents Christianity
94%
The originator of all Abrahamic religions Judaism
93%
4th largest Abrahamic faith in terms of number of adherents Baháʼí Faith
61%
Founded in modern-day Jamaica Rastafarianism
51%
A mystical sect that split off from #5 Druze
42%
Split from #1 over a dispute over places of worship Samaritanism
34%
Founded in modern-day Iran in the 19th century, Azali Bábísm
17%
Considered Abrahamic, but doesn't revere Abraham Mandaeism
16%
No matching quizzes found
Score Distribution
Percent of People with Each Score
Percentile by Number Answered
Your Score History
You have not taken this quiz